• 首页
  • 本馆介绍
  • 公告通知
  • 最新文献
  • 馆藏检索
  • 电子资源
  • 读者导购
  • 参考咨询
  • 我的图书馆
  • 登录
  • 详细信息显示
  • 放入我的书架
  • 预约/预借图书
  • 作者相关作品
  • 分类相关作品
  • 丛书相关作品
  • 出版社相关作品

书目信息

  • 表格格式
  • 工作单格式
  • 卡片格式
题名:
电路理论基础
    
 
作者: 周长源 主编
分册: 上册  
出版信息: 北京   高等教育出版社  1985
页数: 291页
开本: 20cm
丛书名:
单 册:
中图分类: TM13
科图分类:
主题词: 电路理论--高等学校--教材
电子资源:
ISBN:
000 00659nam0 2200241 45
001 0185020258
005 20060720175347.96
010    @dCNY1.70
091    @a15010.0630
100    @a19900923d1985 em y0chiy0121 ea
101 0  @achi
102    @aCN@b110000
105    @ay z 001yy
200 10 @a电路理论基础@Adian lu li lun ji chu@h上册@f周长源主编
210    @a北京@c高等教育出版社@d1985
215    @a291页@d20cm
300    @a高等学校试用教材
606    @a电路理论@x高等学校@x教材
690    @aTM13@v3
701  0 @a周长源@Azhou chang yuan@4主编
801  0 @aCN@b深圳图书馆@c20060720
801  2 @aCN@bNLC@c20060720
905    @dTM13@e107:1@f1@b136603
    
    电路理论基础.上册/周长源主编.-北京:高等教育出版社,1985
    291页;20cm
    高等学校试用教材
    
    ISBN :CNY1.70
    
●
相关链接 在E读中查询图书 在五车中查询图书 在当当中查询图书 在豆瓣中查询图书


正题名:电路理论基础     索取号:TM13/107:1         预约/预借

序号 登录号 条形码 馆藏地/架位号 状态 备注
1 0136603   001343497   第三借阅区/ [索取号:TM13/107:1] 在馆    
2 0136604   001343371   密集书库/ [索取号:TM13/107:1] 在馆    
3 0136605   001343415   密集书库/ [索取号:TM13/107:1] 在馆    
4 0136606   001343068   密集书库/ [索取号:TM13/107:1] 在馆    
5 0136607   001343451   第二样本阅览室/ [索取号:TM13/107:1] 在馆    
6 0437871   204378716   密集书库/ [索取号:TM13/107:1] 在馆    
7 0437973   204379733   密集书库/ [索取号:TM13/107:1] 在馆    
8 0437974   204379742   密集书库/ [索取号:TM13/107:1] 在馆    
唐山师范学院图书馆 欢迎您!
大连网信软件有限公司© 版权所有